00905cam a2200265 a 450000100100000000500170001000800410002702000150006804000250008308200140010810000370012224500640015925000110022326000480023430000210028249000260030350400410032950400420037065000230041265000270043583000330046204900090049595201180050499900170062200001888720240502122546.0100520s1982 sp 000 0 spa d a8432102326 aDO-SdBNPbspacBNPHU a301bM6451 aMillán Puelles, Antonio94066610aPersona humana y justicia social /cAntonio Millan Puelles. a5a ed. aMadrid, España :bEdiciones Rialp,c1982. a161 p. ;c19 cm.1 aNaturaleza e historia aIncluye referencias bibliográficas aIncluye notas al pie de las páginas 0aSociología91061 0aJusticia social 96078 0aNaturaleza e Historia940667 aBNGR 001054708MOaGRbGRcCTd2010-05-20iLF1l0o301 M645p18887-10r2020-06-25w2020-06-25y4ZPréstamo en sala c18405d18405